000 01020nam a2200301 a 4500
003 DO-SdBNP
005 20220830135832.0
007 ta
008 220830e2014 dr a|||er6||| 00| 1 spa d
040 _aDO-SdBNP
_bspa
_cBNPHU
082 4 _222
_bP438c
245 1 0 _aCanquiña especial. /
_cJorge E. Pérez, Efraim Saro, Pablo Torrez; Ilustración, Elky Nova
246 1 4 _aCanquiña especial:
_b100% dominicano
260 _aSanto Domingo :
_bMoroEstuio,
_c2014
300 _a[28] p. :
_bil. ;
_c23 cm.
490 1 _aPublicación A veces
500 _aIncluye datos biográficos de los autores en la p. [38]
590 _aInventariado 2022 / MF
650 4 _98625
_aDibujos Animados
_xRepública Dominicana
650 4 _97196
_aTiras Cómicas, Historietas, etc..
_xRepública Dominicana
650 4 _962037
_aCaricaturas
700 1 _aSaro, Efraím
_982279
700 1 _aTorrez, Pablo
_982280
700 1 _aNova, Elky
_eil.
_982281
830 _aPublicación A veces
_982282
910 _aMFeliz
942 _2ddc
_cLF2
999 _c52338
_d52338